[Event "Skara Vastgota op"]
[Site "Skara"]
[Date "2023.02.18"]
[Round "1"]
[White "Helin, Mikael"]
[Black "Lindgren, Philip"]
[Result "0-1"]
[WhiteElo "1753"]
[BlackElo "2375"]
[PlyCount "90"]
[EventDate "2023.02.18"]
[EventType "swiss"]
[EventRounds "9"]
[EventCountry "SWE"]
[SourceTitle "CBM 212 Extra"]
[Source "ChessBase"]
[SourceDate "2023.03.31"]
[SourceVersion "1"]
[SourceVersionDate "2023.03.31"]
[SourceQuality "1"]

1. e4 c6 2. d4 d5 3. f3 e6 4. Be3 dxe4 5. fxe4 Qh4+ 6. g3 Qxe4 7. Qd2 Qd5 8. Bg2 Qd8 9. Nc3 Nf6 10. Nge2 Nbd7 11. a3 Be7 12. 0-0 0-0 13. h3 e5 14. Kh2 exd4 15. Nxd4 Ne5 16. Qe2 Re8 17. Rad1 Qc7 18. Nf5 Bxf5 19. Rxf5 Ng6 20. Qf2 Bd6 21. Rxf6 gxf6 22. Ne4 Rxe4 23. Bxe4 Re8 24. Bd3 Bxg3+ 25. Qxg3 Qxg3+ 26. Kxg3 Rxe3+ 27. Kf2 Rxh3 28. Re1 Kg7 29. b4 Ne5 30. Be4 Rxa3 31. Rg1+ Ng6 32. Rd1 a5 33. Rd7 axb4 34. Rxb7 c5 35. Bd5 Ne5 36. Rb5 Rc3 37. Be4 h5 38. Kg2 Kh6 39. Rb8 Kg5 40. Rg8+ Kf4 41. Bh7 f5 42. Rh8 Rxc2+ 43. Kg1 b3 44. Bxf5 Kxf5 45. Rxh5+ Kf4 0-1

[Event "Titled Tuesday intern op 23rd Aug Late"]
[Site "Chess.com INT"]
[Date "2022.08.23"]
[Round "1"]
[White "Danielyan, Vahe"]
[Black "Helin, Mikael"]
[Result "1-0"]
[WhiteElo "2284"]
[BlackElo "1726"]
[PlyCount "63"]
[EventDate "2022.08.23"]
[EventType "swiss (blitz)"]
[EventRounds "11"]
[EventCountry "USA"]
[SourceTitle "EXT 2023"]
[Source "ChessBase"]
[SourceDate "2022.10.05"]
[SourceVersion "1"]
[SourceVersionDate "2022.10.05"]
[SourceQuality "1"]

1. e4 d6 2. d4 Nf6 3. Nc3 Nbd7 4. Nf3 e5 5. Rg1 h6 6. g4 Be7 7. h3 g5 8. Be3 c6 9. Qd2 Qc7 10. 0-0-0 Qa5 11. Kb1 b5 12. Bd3 b4 13. Ne2 Rb8 14. Nc1 Qc7 15. h4 Nxg4 16. hxg5 Nxe3 17. fxe3 hxg5 18. Nxg5 Nb6 19. Qf2 Rf8 20. Nh7 Rh8 21. Nf6+ Kd8 22. Rg7 Be6 23. Rdg1 Rf8 24. Nh7 Kd7 25. Nxf8+ Rxf8 26. Rh7 Qb7 27. Bf1 Na4 28. Bh3 Nc3+ 29. bxc3 bxc3+ 30. Nb3 a5 31. Bxe6+ Kxe6 32. Qf5# 1-0

[Event "Titled Tuesday intern op 23rd Aug Late"]
[Site "Chess.com INT"]
[Date "2022.08.23"]
[Round "9"]
[White "Helin, Mikael"]
[Black "Prydun, Andriy"]
[Result "0-1"]
[WhiteElo "1726"]
[BlackElo "2129"]
[PlyCount "58"]
[EventDate "2022.08.23"]
[EventType "swiss (blitz)"]
[EventRounds "11"]
[EventCountry "USA"]
[SourceTitle "EXT 2023"]
[Source "ChessBase"]
[SourceDate "2022.10.05"]
[SourceVersion "1"]
[SourceVersionDate "2022.10.05"]
[SourceQuality "1"]

1. e4 d5 2. e5 c5 3. a3 Nc6 4. f4 g5 5. g3 gxf4 6. gxf4 Nh6 7. b4 Bg4 8. Nf3 e6 9. h4 Nf5 10. Be2 Be7 11. Ng5 Bxe2 12. Qxe2 Ng3 13. Qb5 Nxh1 14. Qxb7 Qc8 15. Qb5 Ng3 16. Nc3 Nf5 17. bxc5 h6 18. Nxf7 Kxf7 19. Qe2 Qg8 20. Qh5+ Qg6 21. Qxg6+ Kxg6 22. Nb5 Bxc5 23. Nc7 Rag8 24. Nxe6 Kf7 25. Nxc5 Rg1+ 26. Kf2 Rhg8 27. e6+ Ke7 28. Ke2 R8g3 29. Nd3 Ncd4+ 0-1

[Event "Titled Tuesday intern op 09th Aug Late"]
[Site "Chess.com INT"]
[Date "2022.08.09"]
[Round "3"]
[White "Helin, Mikael"]
[Black "Das Chagas, David Ferreira"]
[Result "1-0"]
[WhiteElo "1726"]
[BlackElo "1989"]
[PlyCount "71"]
[EventDate "2022.08.09"]
[EventType "swiss (blitz)"]
[EventRounds "11"]
[EventCountry "USA"]
[SourceTitle "EXT 2023"]
[Source "ChessBase"]
[SourceDate "2022.10.05"]
[SourceVersion "1"]
[SourceVersionDate "2022.10.05"]
[SourceQuality "1"]

1. c4 e5 2. Nc3 f5 3. g3 Nf6 4. Bg2 Bc5 5. e3 0-0 6. Nge2 e4 7. h3 d6 8. 0-0 Nc6 9. a3 a5 10. Rb1 Be6 11. Nd5 Nxd5 12. cxd5 Bxd5 13. Nf4 Bc4 14. d3 Ba6 15. Re1 Qe7 16. d4 Bb6 17. d5 Ne5 18. b4 axb4 19. axb4 Rf6 20. b5 g5 21. Ne6 Bxb5 22. Rxb5 Nd3 23. Re2 Ra1 24. Rc2 f4 25. gxf4 gxf4 26. Rxb6 cxb6 27. Rc8+ Kf7 28. Qh5+ Rg6 29. Qxh7+ Kf6 30. Qh8+ Kf5 31. Qxa1 Rxg2+ 32. Kxg2 f3+ 33. Kh2 Qh4 34. Rf8+ Kg6 35. Qg7+ Kh5 36. Rh8# 1-0

[Event "Titled Tuesday intern op 09th Aug Late"]
[Site "Chess.com INT"]
[Date "2022.08.09"]
[Round "5"]
[White "Hoffmann, Asa"]
[Black "Helin, Mikael"]
[Result "0-1"]
[WhiteElo "2185"]
[BlackElo "1726"]
[PlyCount "104"]
[EventDate "2022.08.09"]
[EventType "swiss (blitz)"]
[EventRounds "11"]
[EventCountry "USA"]
[SourceTitle "EXT 2023"]
[Source "ChessBase"]
[SourceDate "2022.10.05"]
[SourceVersion "1"]
[SourceVersionDate "2022.10.05"]
[SourceQuality "1"]

1. d4 d6 2. e4 Nf6 3. f3 Nbd7 4. Nc3 e5 5. Nge2 Be7 6. Be3 c6 7. g4 h6 8. Ng3 g6 9. Qd2 h5 10. g5 Nh7 11. h4 Nhf8 12. 0-0-0 Qc7 13. Nce2 Ne6 14. f4 exf4 15. Nxf4 Ndf8 16. Bc4 Nxf4 17. Bxf4 Ne6 18. Be3 b5 19. Bb3 a5 20. a3 Bb7 21. Rhf1 0-0 22. Qe2 Ng7 23. Rf3 a4 24. Ba2 b4 25. Rdf1 bxa3 26. Rxf7 axb2+ 27. Kb1 d5 28. Rxf8+ Bxf8 29. e5 Ba6 30. c4 a3 31. Rf6 dxc4 32. Bxc4+ Kh7 33. Bxa6 a2+ 34. Kxa2 Qa5+ 35. Kxb2 Rxa6 36. Kc2 Qb4 37. Kd3 Nf5 38. Nxf5 Qb5+ 39. Ke4 gxf5+ 40. Kxf5 Qxe2 41. Bf4 Qd3+ 42. Ke6 c5+ 43. Kf7 Rxf6+ 44. gxf6 Bh6 45. Ke7 Bxf4 46. f7 Bh6 47. e6 Qxd4 48. Ke8 c4 49. e7 Qc5 50. f8Q Bxf8 51. exf8Q Qxf8+ 52. Kxf8 c3 0-1

[Event "Titled Tuesday intern op 26th Jul Late"]
[Site "Chess.com INT"]
[Date "2022.07.26"]
[Round "9"]
[White "Helin, Mikael"]
[Black "Silvestre, Christian"]
[Result "0-1"]
[WhiteElo "1732"]
[BlackElo "1942"]
[PlyCount "90"]
[EventDate "2022.07.26"]
[EventType "swiss (blitz)"]
[EventRounds "11"]
[EventCountry "USA"]
[SourceTitle "EXT 2023"]
[Source "ChessBase"]
[SourceDate "2022.10.05"]
[SourceVersion "1"]
[SourceVersionDate "2022.10.05"]
[SourceQuality "1"]

1. c4 c5 2. Nc3 Nc6 3. e4 e5 4. g3 g6 5. Bg2 Bg7 6. d3 Nge7 7. Be3 d6 8. Qd2 Rb8 9. Bh6 Bxh6 10. Qxh6 Ng8 11. Qd2 Nge7 12. Nge2 h6 13. h3 a6 14. 0-0 b5 15. f4 f6 16. g4 Ng8 17. b3 g5 18. fxe5 dxe5 19. Nd5 Be6 20. Ng3 Nd4 21. Nf5 Bxf5 22. exf5 Kf7 23. Ne3 Ne7 24. Rad1 h5 25. Nd5 hxg4 26. hxg4 Rh4 27. Nxe7 Kxe7 28. Bd5 Rxg4+ 29. Kf2 Rf4+ 30. Ke1 Qh8 31. Qg2 Qh4+ 32. Kd2 Rg4 33. Qf2 Rh8 34. Kc1 Qxf2 35. Rxf2 b4 36. Kb2 a5 37. a3 Rh3 38. axb4 axb4 39. Bg2 Rh2 40. Rdd2 Rf4 41. Rxf4 gxf4 42. Rf2 f3 43. Rf1 fxg2 44. Rg1 Nf3 45. Ra1 g1Q# 0-1

[Event "Ostersund Storsjodraget op"]
[Site "Ostersund"]
[Date "2022.06.11"]
[Round "4"]
[White "Madebrink, Lars"]
[Black "Helin, Mikael"]
[Result "1-0"]
[WhiteElo "2109"]
[BlackElo "1751"]
[PlyCount "73"]
[EventDate "2022.06.10"]
[EventType "swiss"]
[EventRounds "7"]
[EventCountry "SWE"]
[SourceTitle "CBM 208 Extra"]
[Source "ChessBase"]
[SourceDate "2022.07.31"]
[SourceVersion "1"]
[SourceVersionDate "2022.07.31"]
[SourceQuality "1"]

1. Nf3 d6 2. d4 Nd7 3. e4 e5 4. Bc4 Be7 5. dxe5 Nxe5 6. Nxe5 dxe5 7. Qh5 g6 8. Qxe5 Nf6 9. Bh6 Qd6 10. Qxd6 cxd6 11. Nc3 Ng4 12. Bg7 Rg8 13. Bd4 Ne5 14. Bb3 Be6 15. Nd5 Bd8 16. 0-0-0 g5 17. f3 Rg6 18. Ne3 Bb6 19. h4 Nc6 20. Bxb6 Bxb3 21. axb3 axb6 22. hxg5 Rxg5 23. Rxh7 Ra1+ 24. Kd2 Ra2 25. g4 Nd4 26. f4 Rc5 27. Kd3 Nc6 28. c3 Rxb2 29. b4 Nxb4+ 30. cxb4 Rb3+ 31. Ke2 Rxb4 32. Rxd6 Rxe4 33. Kf3 Ra4 34. Nd5 Ra3+ 35. Ke4 f5+ 36. Kxf5 Raa5 37. Re7+ 1-0

[Event "Ostersund Storsjodraget op"]
[Site "Ostersund"]
[Date "2022.06.10"]
[Round "2"]
[White "Bohman Karlholm, Adrian"]
[Black "Helin, Mikael"]
[Result "1-0"]
[WhiteElo "2089"]
[BlackElo "1751"]
[PlyCount "97"]
[EventDate "2022.06.10"]
[EventType "swiss"]
[EventRounds "7"]
[EventCountry "SWE"]
[SourceTitle "CBM 208 Extra"]
[Source "ChessBase"]
[SourceDate "2022.07.31"]
[SourceVersion "1"]
[SourceVersionDate "2022.07.31"]
[SourceQuality "1"]

1. d4 d6 2. Nf3 Nc6 3. g3 g6 4. Bg2 Bg7 5. 0-0 Nf6 6. c4 h6 7. d5 Nb8 8. Nc3 a5 9. Be3 0-0 10. Bd4 Nbd7 11. e4 e5 12. dxe6 fxe6 13. e5 Ne8 14. exd6 e5 15. dxc7 Qxc7 16. Be3 Qxc4 17. Nxe5 Nxe5 18. Bd5+ Be6 19. Bxc4 Bxc4 20. f4 Nc7 21. Qd6 Ne8 22. Qc5 Bxf1 23. fxe5 Bh3 24. Re1 Rc8 25. Qxa5 Nc7 26. Nd5 Nxd5 27. Qxd5+ Kh7 28. Qxb7 Rc2 29. Bf4 Kh8 30. e6 Re8 31. Qf7 Bd4+ 32. Be3 Bxe3+ 33. Rxe3 Rxe6 34. Qxe6 Bxe6 35. Rxe6 Kg7 36. Rb6 g5 37. a4 h5 38. a5 g4 39. a6 Rc1+ 40. Kf2 Ra1 41. b4 Kf7 42. b5 Ke7 43. Rb7+ Kd6 44. a7 Kc5 45. b6 Kd4 46. Rb8 Ra2+ 47. Ke1 Ke3 48. Re8+ Kf3 49. a8Q+ 1-0

[Event "Norrkoeping Easter op"]
[Site "Norrkoeping"]
[Date "2022.04.15"]
[Round "1"]
[White "Von Bahr, Oskar"]
[Black "Helin, Mikael"]
[Result "1-0"]
[WhiteElo "2384"]
[BlackElo "1822"]
[PlyCount "63"]
[EventDate "2022.04.15"]
[EventType "swiss"]
[EventRounds "8"]
[EventCountry "SWE"]
[SourceTitle "CBM 207 Extra"]
[Source "ChessBase"]
[SourceDate "2022.05.31"]
[SourceVersion "1"]
[SourceVersionDate "2022.05.31"]
[SourceQuality "1"]

1. e4 d6 2. d4 Nf6 3. Nc3 e5 4. Nf3 Nbd7 5. h3 Be7 6. g4 h6 7. Be3 c6 8. a4 a5 9. Rg1 g5 10. Bc4 Qc7 11. Qe2 Nf8 12. 0-0-0 Ng6 13. Bb3 b5 14. axb5 a4 15. Bxa4 Kf8 16. Qc4 Nxe4 17. b6 Qxb6 18. dxe5 Be6 19. Bxb6 Bxc4 20. Nxe4 Rxa4 21. exd6 Bxd6 22. Nxd6 Be2 23. Rd4 Ra6 24. Re1 Nf4 25. Bc5 Kg7 26. Rxf4 gxf4 27. Rxe2 Rd8 28. b4 Ra3 29. Nd4 Rxh3 30. Re7 Kf6 31. Rxf7+ Ke5 32. Rf5# 1-0

[Event "Titled Tuesday intern op 24th Aug"]
[Site "Chess.com INT"]
[Date "2021.08.24"]
[Round "8"]
[White "Bai, Adelard"]
[Black "Helin, Mikael"]
[Result "0-1"]
[WhiteElo "2399"]
[BlackElo "1875"]
[PlyCount "51"]
[EventDate "2021.08.24"]
[EventType "swiss (blitz)"]
[EventRounds "11"]
[EventCountry "USA"]
[SourceTitle "EXT 2022"]
[Source "ChessBase"]
[SourceDate "2021.10.06"]
[SourceVersion "1"]
[SourceVersionDate "2021.10.06"]
[SourceQuality "1"]

1. d4 d5 2. Nf3 Nc6 3. c4 Bg4 4. cxd5 Bxf3 5. gxf3 Qxd5 6. e3 e5 7. Nc3 Bb4 8. a3 Bxc3+ 9. bxc3 Qd6 10. Rg1 g6 11. a4 exd4 12. cxd4 0-0-0 13. Rb1 Re8 14. e4 Nxd4 15. Be3 Rd8 16. f4 Qc5 17. Bh3+ f5 18. Kf1 Qc4+ 19. Kg2 Nh6 20. Rc1 Qe6 21. e5 Qd5+ 22. f3 Ng4 23. Re1 Nxe3+ 24. Rxe3 Qa2+ 25. Kg3 h5 26. Qd2 0-1

[Event "Titled Tuesday intern op 24th Aug"]
[Site "Chess.com INT"]
[Date "2021.08.24"]
[Round "6"]
[White "Navalgund, Niranjan"]
[Black "Helin, Mikael"]
[Result "0-1"]
[WhiteElo "2289"]
[BlackElo "1875"]
[PlyCount "54"]
[EventDate "2021.08.24"]
[EventType "swiss (blitz)"]
[EventRounds "11"]
[EventCountry "USA"]
[SourceTitle "EXT 2022"]
[Source "ChessBase"]
[SourceDate "2021.10.06"]
[SourceVersion "1"]
[SourceVersionDate "2021.10.06"]
[SourceQuality "1"]

1. e4 d6 2. Bc4 Nf6 3. Nc3 e5 4. Nf3 Nbd7 5. d4 Be7 6. a4 a5 7. g4 d5 8. Nxd5 Nxd5 9. Bxd5 Nf6 10. Bb3 Bxg4 11. Bxf7+ Kf8 12. Bb3 c6 13. h3 Bh5 14. Qd3 Qb6 15. dxe5 Rd8 16. Qe2 Qb4+ 17. Kf1 Nxe4 18. Qe3 Ke8 19. Kg2 Bc5 20. Qf4 Rf8 21. Qxf8+ Kxf8 22. Ng5 Nxg5 23. Bxg5 Qe4+ 24. Kg3 Qf3+ 25. Kh4 h6 26. Bxd8 g5+ 27. Bxg5 Bxf2# 0-1

[Event "Titled Tuesday intern op 15th Sept"]
[Site "Chess.com INT"]
[Date "2020.09.15"]
[Round "1"]
[White "Helin, Mikael"]
[Black "Rodchenkov, Sergey D"]
[Result "0-1"]
[WhiteElo "1874"]
[BlackElo "2346"]
[PlyCount "54"]
[EventDate "2020.09.15"]
[EventType "swiss (blitz)"]
[EventRounds "10"]
[EventCountry "USA"]
[SourceTitle "CBM 198 Extra"]
[Source "ChessBase"]
[SourceDate "2020.11.30"]
[SourceVersion "1"]
[SourceVersionDate "2020.11.30"]
[SourceQuality "1"]

1. c4 Nf6 2. Nc3 d5 3. e3 c5 4. Qb3 e6 5. Nge2 Nc6 6. cxd5 exd5 7. d4 c4 8. Qc2 Nb4 9. Qa4+ Bd7 10. Qxb4 Bxb4 11. f3 0-0 12. Bd2 Re8 13. a3 Bd6 14. g3 b5 15. Nf4 Bc6 16. b4 a5 17. Rb1 axb4 18. axb4 Ra3 19. Be2 Bxf4 20. gxf4 Nh5 21. 0-0 Rxc3 22. Ra1 Rc2 23. Rfd1 Nxf4 24. Bf1 Nd3 25. Ra6 Qg5+ 26. Bg2 Rxd2 27. Rda1 Qxg2# 0-1

[Event "Titled Tuesday intern op 15th Sept"]
[Site "Chess.com INT"]
[Date "2020.09.15"]
[Round "6"]
[White "Helin, Mikael"]
[Black "Shvedova, Alexandra"]
[Result "1/2-1/2"]
[WhiteElo "1874"]
[BlackElo "1994"]
[PlyCount "71"]
[EventDate "2020.09.15"]
[EventType "swiss (blitz)"]
[EventRounds "10"]
[EventCountry "USA"]
[SourceTitle "CBM 198 Extra"]
[Source "ChessBase"]
[SourceDate "2020.11.30"]
[SourceVersion "1"]
[SourceVersionDate "2020.11.30"]
[SourceQuality "1"]

1. e4 e5 2. f4 exf4 3. Bc4 Nc6 4. Nf3 h6 5. h4 d6 6. d4 Bg4 7. Bxf4 Qf6 8. Qd2 Bxf3 9. gxf3 Nxd4 10. Be2 Nxe2 11. Kxe2 Qxb2 12. Nc3 g5 13. Rab1 Qa3 14. Rb3 Qa6+ 15. Nb5 gxf4 16. c4 Qc6 17. Qc3 Rh7 18. Rg1 Ne7 19. Nd4 Qc5 20. Rb5 Bg7 21. Rxg7 Rxg7 22. Rxc5 dxc5 23. Nb3 Kf8 24. Nxc5 Rd8 25. Nd3 Nc6 26. Qf6 Nd4+ 27. Kf2 Ne6 28. Ne5 Rd2+ 29. Kf1 Rd1+ 30. Kf2 Rd2+ 31. Ke1 Rxa2 32. Kf1 Ra1+ 33. Kf2 Ra2+ 34. Kf1 Ra1+ 35. Kf2 Ra2+ 36. Kf1 1/2-1/2

[Event "Titled Tuesday intern op 15th Sept"]
[Site "Chess.com INT"]
[Date "2020.09.15"]
[Round "7"]
[White "Maksimovic, Masa"]
[Black "Helin, Mikael"]
[Result "1-0"]
[WhiteElo "2009"]
[BlackElo "1874"]
[PlyCount "53"]
[EventDate "2020.09.15"]
[EventType "swiss (blitz)"]
[EventRounds "10"]
[EventCountry "USA"]
[SourceTitle "CBM 198 Extra"]
[Source "ChessBase"]
[SourceDate "2020.11.30"]
[SourceVersion "1"]
[SourceVersionDate "2020.11.30"]
[SourceQuality "1"]

1. e4 c5 2. Nf3 e6 3. d4 cxd4 4. Nxd4 a6 5. Nc3 Qc7 6. Be2 Nf6 7. 0-0 h5 8. Be3 Bd6 9. f4 Bc5 10. Qd2 Ng4 11. Bxg4 hxg4 12. g3 b5 13. a3 Bb7 14. f5 Nc6 15. Nxc6 Qxc6 16. fxe6 dxe6 17. Bxc5 Qxc5+ 18. Qf2 Qe7 19. Rad1 g6 20. Qb6 f5 21. exf5 gxf5 22. Rfe1 Rh6 23. Nd5 Bxd5 24. Rxd5 Qa7 25. Qxa7 Rxa7 26. Rxf5 Kd7 27. Rf7+ 1-0

[Event "Titled Tuesday intern op 28th Apr"]
[Site "Chess.com INT"]
[Date "2020.04.28"]
[Round "6"]
[White "Helin, Mikael"]
[Black "Balabayeva, Kseniya"]
[Result "0-1"]
[WhiteElo "1870"]
[BlackElo "2146"]
[PlyCount "92"]
[EventDate "2020.04.28"]
[EventType "swiss (blitz)"]
[EventRounds "10"]
[EventCountry "USA"]
[SourceTitle "EXT 2021"]
[Source "ChessBase"]
[SourceDate "2020.10.23"]
[SourceVersion "1"]
[SourceVersionDate "2020.10.23"]
[SourceQuality "1"]

1. e4 c5 2. c4 Nc6 3. Nc3 g6 4. g3 Bg7 5. Bg2 d6 6. h3 e5 7. Rb1 Nge7 8. d3 0-0 9. Be3 Be6 10. Qd2 Qd7 11. Nge2 f5 12. Bh6 Nd4 13. Bxg7 Kxg7 14. Nd5 Bxd5 15. cxd5 Nxe2 16. Qxe2 Rae8 17. 0-0 b5 18. Qd2 Ng8 19. a3 f4 20. b4 f3 21. bxc5 fxg2 22. Kxg2 dxc5 23. Qc3 Nf6 24. f4 exf4 25. gxf4 Kg8 26. Qxc5 Nh5 27. Qc6 Qxc6 28. dxc6 Nxf4+ 29. Kg3 Nxd3 30. Rfd1 Ne5 31. Rd5 Nxc6 32. Rbxb5 Rxe4 33. Rbc5 Ne7 34. Rd7 Nf5+ 35. Kg2 Nh4+ 36. Kg1 Re1+ 37. Kh2 Re2+ 38. Kg3 Nf5+ 39. Kf3 Re3+ 40. Kf2 Re7 41. Rd2 Nd6+ 42. Kg3 Ne4+ 43. Kh4 Nxd2 44. Ra5 Kg7 45. a4 Ne4 46. Ra6 Rf4# 0-1

[Event "Titled Tuesday intern op 28th Apr"]
[Site "Chess.com INT"]
[Date "2020.04.28"]
[Round "4"]
[White "Kovacs, Klara"]
[Black "Helin, Mikael"]
[Result "1-0"]
[WhiteElo "2220"]
[BlackElo "1870"]
[PlyCount "77"]
[EventDate "2020.04.28"]
[EventType "swiss (blitz)"]
[EventRounds "10"]
[EventCountry "USA"]
[SourceTitle "EXT 2021"]
[Source "ChessBase"]
[SourceDate "2020.10.23"]
[SourceVersion "1"]
[SourceVersionDate "2020.10.23"]
[SourceQuality "1"]

1. Nf3 c5 2. g3 e6 3. Bg2 a6 4. 0-0 Ne7 5. c4 Ng6 6. Nc3 Qc7 7. b3 Nc6 8. Bb2 f6 9. d4 cxd4 10. Nxd4 h5 11. Nxc6 bxc6 12. Qc2 f5 13. e4 f4 14. Rae1 Ne5 15. gxf4 Ng4 16. e5 Rh6 17. h3 Bc5 18. hxg4 hxg4 19. Ne4 Qd8 20. Nxc5 Qh4 21. f3 g3 22. Bh3 Qxh3 23. Qg2 Qf5 24. Ne4 Qh5 25. Nxg3 Qf7 26. Kf2 a5 27. Rh1 Rg6 28. Rh8+ Ke7 29. Ba3+ d6 30. Bxd6+ Kd7 31. Rd1 c5 32. Bxc5+ Kc6 33. Be3 a4 34. Rd6+ Kb7 35. b4 a3 36. b5 Ra4 37. Rb6+ Ka7 38. Rxc8 Rb4 39. Rbb8# 1-0

[Event "Ostersund Storsjodraget op"]
[Site "Ostersund"]
[Date "2019.06.16"]
[Round "6"]
[White "Helin, Mikael"]
[Black "Mozelius, Peter"]
[Result "1-0"]
[WhiteElo "1898"]
[BlackElo "1813"]
[PlyCount "117"]
[EventDate "2019.06.14"]
[EventType "swiss"]
[EventRounds "7"]
[EventCountry "SWE"]
[SourceTitle "CBM 192 Extra"]
[Source "Chessbase"]
[SourceDate "2019.11.06"]
[SourceVersion "1"]
[SourceVersionDate "2019.11.06"]
[SourceQuality "1"]

1. e4 g6 2. Nc3 Bg7 3. f4 c5 4. Bc4 a6 5. a4 Nc6 6. Nf3 e6 7. 0-0 Nf6 8. e5 Ng8 9. Ne4 Nh6 10. Nd6+ Kf8 11. g4 Nxg4 12. Nxf7 Qe7 13. N3g5 Nh6 14. Nxh8 Bxh8 15. c3 Nf5 16. d3 b6 17. Qg4 Bb7 18. Bd2 Rd8 19. Ba2 Re8 20. Rfe1 Qg7 21. Rab1 h6 22. Ne4 h5 23. Qg5 Qh6 24. Nf6 Qxg5+ 25. fxg5 Rd8 26. Re2 Kf7 27. Rf1 Nce7 28. Be1 Bc6 29. Bf2 Bxa4 30. b4 cxb4 31. cxb4 Bb5 32. Rd2 Rb8 33. Bc4 Bc6 34. Bxa6 b5 35. Ra2 Bxf6 36. gxf6 Nd5 37. Bc5 Nc3 38. Ra5 Ne2+ 39. Kf2 Nc3 40. Rfa1 Nd5 41. Ba7 Rg8 42. Bxb5 Nxb4 43. Bc5 Bxb5 44. Bxb4 Bc6 45. Bc5 Rb8 46. R1a2 Nh4 47. Ra6 Rc8 48. d4 Nf5 49. Rb2 g5 50. Ra7 g4 51. Rb6 Ke8 52. Rxc6 Rxc6 53. Ra8+ Kf7 54. Rh8 g3+ 55. hxg3 Rxc5 56. dxc5 Kg6 57. Rxh5 Nh6 58. Rxh6+ Kxh6 59. g4 1-0

[Event "Ostersund Storsjodraget op"]
[Site "Ostersund"]
[Date "2019.06.15"]
[Round "5"]
[White "Gillefalk, Bjorn"]
[Black "Helin, Mikael"]
[Result "1-0"]
[WhiteElo "2063"]
[BlackElo "1898"]
[PlyCount "67"]
[EventDate "2019.06.14"]
[EventType "swiss"]
[EventRounds "7"]
[EventCountry "SWE"]
[SourceTitle "CBM 192 Extra"]
[Source "Chessbase"]
[SourceDate "2019.11.06"]
[SourceVersion "1"]
[SourceVersionDate "2019.11.06"]
[SourceQuality "1"]

1. e4 d6 2. d4 Nf6 3. Nc3 Nbd7 4. g4 h6 5. g5 hxg5 6. Bxg5 c6 7. Qd2 e5 8. 0-0-0 Qa5 9. f4 exd4 10. Qxd4 d5 11. exd5 Bc5 12. Qd3 0-0 13. Kb1 Ng4 14. Nh3 Ndf6 15. Bxf6 Nxf6 16. Ng5 Bg4 17. Be2 Bxe2 18. Nxe2 Rae8 19. Ng3 Re3 20. Qf5 Be7 21. dxc6 Qb6 22. Nh5 g6 23. Nxf6+ Kh8 24. Qg4 Kg7 25. Nd5 Qc5 26. Nxe3 Qxe3 27. Rhe1 Qc5 28. Qd7 Bxg5 29. fxg5 Qxg5 30. c7 Qc5 31. Re7 Qh5 32. Rf1 Kh6 33. Rexf7 Rh8 34. c8Q 1-0

[Event "Ostersund Storsjodraget op"]
[Site "Ostersund"]
[Date "2019.06.15"]
[Round "4"]
[White "Hagstrom, Jacob"]
[Black "Helin, Mikael"]
[Result "0-1"]
[WhiteElo "1761"]
[BlackElo "1898"]
[PlyCount "62"]
[EventDate "2019.06.14"]
[EventType "swiss"]
[EventRounds "7"]
[EventCountry "SWE"]
[SourceTitle "CBM 192 Extra"]
[Source "Chessbase"]
[SourceDate "2019.11.06"]
[SourceVersion "1"]
[SourceVersionDate "2019.11.06"]
[SourceQuality "1"]

1. e4 d6 2. d4 Nf6 3. Nc3 Nbd7 4. Nf3 e5 5. Bc4 Be7 6. Ng5 0-0 7. Bxf7+ Rxf7 8. Ne6 Qe8 9. Nxc7 Qd8 10. Nxa8 exd4 11. Qxd4 Nc5 12. f3 b6 13. Nb5 Ne6 14. Qc3 d5 15. e5 d4 16. Qc4 Ne8 17. Nxa7 Bb7 18. Qxe6 Qxa8 19. Nb5 Qa5+ 20. Bd2 Qxb5 21. Qb3 Qxe5+ 22. Kd1 Bd5 23. Qa4 b5 24. Qa7 Bh4 25. Qa3 Nd6 26. Rf1 Nc4 27. Qb4 Be7 28. Re1 Ne3+ 29. Rxe3 dxe3 30. Bc3 e2+ 31. Ke1 Bxb4 0-1